دراسات في النزاعات الدولية وإدارة الأزمة / (رقم التسجيلة. 68293)

تفاصيل مارك
000 -الفاتح
عناصر البيانات ثابتة الطول 00832cam a2200217 i 4500
005 - تاريخ ووقت آخر معاملة
حقل ضبط 20260120092640.0
008 - عناصر البيانات ثابتة الطول
عناصر البيانات ثابتة الطول 250721s2001 ts gr 000 0 ara d
082 14 - رقم تصنيف ديوي العشري
رقم التصنيف 327.16
رقم المادة ج ا ر
100 1# - مدخل رئيسي – اسم شخصي
الاسم الشخصي جارنم، ديفيد
علاقة الشخص بالعمل/ دوره مؤلف.
245 10 - بيان العنوان
العنوان دراسات في النزاعات الدولية وإدارة الأزمة /
بيان المسؤولية د. ديفيد جارنم.
250 ## - بيان الطبعة
بيان الطبعة الطبعة الأولى.
264 31 - بيانات النشر، التوزيع…إلخ
مكان النشر، التوزيع...إلخ أبو ظبي :
اسم الناشر، الموزع...إلخ مركز الأمارات للدراسات و البحوث،
تاريخ النشر، التوزيع...إلخ 2001.
300 ## - الوصف المادي
عدد الوحدات المكونة للوعاء 63 صفحة.
490 0# - بيان السلسلة
عنوان السلسلة سلسلة محاضرات الأمارات ؛
رقم الوعاء في السلسلة رقم 45.
650 17 - مدخل إضافي بالموضوع - مصطلح موضوعي
مصطلح موضوعي أو اسم جغرافي كعنصر مدخل الصراع الدولي
650 17 - مدخل إضافي بالموضوع - مصطلح موضوعي
مصطلح موضوعي أو اسم جغرافي كعنصر مدخل الإدارة
650 17 - مدخل إضافي بالموضوع - مصطلح موضوعي
مصطلح موضوعي أو اسم جغرافي كعنصر مدخل النزاعات الدولية
830 #0 - مدخل إضافي بالسلسلة-عنوان مقنن
عنوان السلسسلة سلسلة محاضرات الأمارات.
942 ## - بيانات إضافية (كوها)
نوع التنصيف Dewey Decimal Classification
نوع المادة (كوها) كتب
المقتنيات
حالة السحب حالة الفقدان مصدر التصنيف حالة التلف غير قابل للإعارة المكتبة الرئيسية المكتبة الحالية موقع الرف تاريخ التزويد الرقم المتسلسل Total Checkouts رقم الإستدعاء الباركود تاريخ آخر ظهور تاريخ الفاتورة نوع المادة (كوها) العملة
    Dewey Decimal Classification     المكتبة المركزية المكتبة المركزية الإعارة 06/07/2004 590264   327.16 / ج ا ر 590264 28/07/2025 06/07/2004 كتب  
    Dewey Decimal Classification     المكتبة المركزية المكتبة المركزية   20/01/2026 590263   327.16 ج ا ر 590263 20/01/2026 20/01/2026 كتب JOD
Implemented & Customized by: BBB with SCIT (Smart Chains for Information Technology)

Powered by Koha